000 00484nam a2200133 a 4500
008 120416s1980 ||||||||||||||||| || u
050 _aHG 4027.5 Zen
100 _aZenoff, David B
245 1 0 _aManagement principles for finance in the multinational
260 _aLondon
_bEuromoney
_c1980
300 _a208p.
350 _a0.00
995 _D0.00
_FCBU-MAIN LIBRARY (Kitwe)
_H1
_I0.00
_UAVAILABLE
_ZAnnex Low-Usage Collection
999 _c50012
_d50012